| 000 | 01256cab a2200205 4500 | ||
|---|---|---|---|
| 001 | ABS67619 | ||
| 008 | 040402n2004 000 0 eng u | ||
| 035 | _a(Sirsi) u125730 | ||
| 245 | _aIntegrated pollution control | ||
| 260 | _c2004 | ||
| 490 |
_aENDS Report _v(349) February 2004, 20-25(6) |
||
| 520 | _aTwo articles on integrated pollution control. The first, "Europe's new pollution inventory - a benchmark for industry performance",highlights the European Pollutant Emission Register which provides data on pollution from more than 9 000 of Europe's major industrial facilities and the environmental performance of businesses in member states. Argues that the register could become an important tool for benchmarking corporate performance. The second article, "Life at the sharp end: chemical firms grapple with IPPC", shows how three organic chemicals companies and their environmental managers are dealing with preparing for the Integrated Pollution Prevention and Control (IPPC) regime. | ||
| 590 | _aABS | ||
| 650 | _aINTEGRATED POLLUTION CONTROL | ||
| 650 | _aBENCHMARKING | ||
| 650 | _aENVIRONMENTAL MANAGERS | ||
| 650 | _aCORPORATE PERFORMANCE | ||
| 690 | _aENVIRONMENTAL AND LAND CONSULTANCY-ENVIRONMENTAL MANAGEMENT | ||
| 942 | _n0 | ||
| 999 |
_c74352 _d74352 |
||